| 000 | 00643cam a2200193 a 4500 | ||
|---|---|---|---|
| 001 | 000000940 | ||
| 005 | 20240508123313.0 | ||
| 008 | 720425s1955 nyua 001 0 eng | ||
| 040 |
_aDO-SdBNP _bspa _cBNPHU |
||
| 082 |
_a332.4 _bS874m |
||
| 100 | 1 |
_aStokes, Milton Lonsdale. _93307 |
|
| 245 | 1 | 0 |
_aMoney, banking, and the financial system / _cMilton L. Stokes ; Carl T. Arlt. |
| 260 |
_aNew York : _bRonald Press Company, _c1955. |
||
| 300 |
_avi, 670 p. : _bil., mapas, tablas ; _c24 cm. |
||
| 650 | 0 |
_aMoneda _93308 |
|
| 650 | 4 |
_aSistema financiero _93309 |
|
| 650 | 4 |
_aActividad aseguradora de los bancos _93310 |
|
| 700 | 1 |
_aArlt, Carl T., _93311 |
|
| 999 |
_c931 _d931 |
||